000 00383nam a2200169Ia 4500
005 20250423095641.0
008 250422s9999 xx 000 0 und d
020 _a582339324
100 _aScott Thornbury
245 0 _aHow to Teach Grammar
260 _aHarlow
260 _bPearson Education Limited
260 _c1999
300 _a182 p
650 _aGrammar
942 _cBK
999 _c30917
_d30917